| 000 | 00907nam a22002177a 4500 | ||
|---|---|---|---|
| 999 |
_c20366 _d20366 |
||
| 003 | AR-CdUCM | ||
| 008 | 190529b ||||| |||| 00| 0 spa d | ||
| 040 |
_aMUNICIPALIDAD PROVINCIAL DEL CUSCO _cBIBLIOTECA MUNICIPAL DEL CUSCO |
||
| 082 |
_a346.2 / _bT78 |
||
| 100 |
_aTrazegnies Granada, Fernando De, Rodriguez Iturri, Roger y otros _942587 |
||
| 245 |
_aLa familia en el derecho peruano : _bLibro homenaje al Dr. Héctor Cornejo Chávez / |
||
| 260 |
_aLima : _bDesa, _c1990. |
||
| 300 |
_a612 páginas ; _c24 cm. |
||
| 505 | _aContenido: La familia como problema jurídico -- Historia y sociología de la familia peruana -- El marco constitucional... | ||
| 650 |
_aFamilia peruana _942588 |
||
| 650 |
_aDerecho y familia _942589 |
||
| 650 |
_aBienes de la familia _942590 |
||
| 700 |
_aGonzáles R,Carlos A. (cubierta), Chambi, Martín (fotografías) _942591 |
||
| 942 |
_2ddc _cLIBROS |
||
| 945 | _aAndy | ||